Hall and Colman's diseases of the ear, nose and throat / (Record no. 115139)

MARC details
000 -LEADER
fixed length control field 01150pam a22003014a 4500
008 - FIXED-LENGTH DATA ELEMENTS--GENERAL INFORMATION
fixed length control field
020 ## - INTERNATIONAL STANDARD BOOK NUMBER
International Standard Book Number 0443061904 (pbk.)
049 ## - LOCAL HOLDINGS (OCLC)
Holding library MAIN
050 10 - LIBRARY OF CONGRESS CALL NUMBER
Classification number RF46 HAL
003 - CONTROL NUMBER IDENTIFIER
control field
005 - DATE AND TIME OF LATEST TRANSACTION
control field 20230120204004.0
040 ## - CATALOGING SOURCE
Transcribing agency NUST
245 00 - TITLE STATEMENT
Title Hall and Colman's diseases of the ear, nose and throat /
Remainder of title edited by Martin Burton.
246 30 - VARYING FORM OF TITLE
Title proper/short title Diseases of the ear, nose and throat.
250 ## - EDITION STATEMENT
Edition statement 15th ed. /
Remainder of edition statement edited by Martin Burton ; with co-authors, Susanna Leighton, Andrew Robson, John Russell.
260 ## - PUBLICATION, DISTRIBUTION, ETC.
Place of publication, distribution, etc. Edinburgh ;
-- New York :
Name of publisher, distributor, etc. Churchill Livingstone,
Date of publication, distribution, etc. 2000.
300 ## - PHYSICAL DESCRIPTION
Extent 224 p. :
Other physical details ill. ;
Dimensions 25 cm.
500 ## - GENERAL NOTE
General note Rev. ed. of: Hall & Colman's diseases of the nose, throat and ear, and head and neck / Bernard H. Colman. 14th ed. 1992.
500 ## - GENERAL NOTE
General note Includes index.
650 #0 - SUBJECT ADDED ENTRY--TOPICAL TERM
Topical term or geographic name entry element Otolaryngology.
700 1# - ADDED ENTRY--PERSONAL NAME
Personal name Burton, Martin.
700 1# - ADDED ENTRY--PERSONAL NAME
Personal name Leighton, Susanna.
700 1# - ADDED ENTRY--PERSONAL NAME
Personal name Robson, Andrew.
700 1# - ADDED ENTRY--PERSONAL NAME
Personal name Russell, John.
700 1# - ADDED ENTRY--PERSONAL NAME
Personal name Colman, Bernard H.
Title of a work Hall & Colman's diseases of the nose, throat and ear, and head and neck.
907 ## - LOCAL DATA ELEMENT G, LDG (RLIN)
a .b10256775
b 26-07-12
c 18-09-08
942 ## - ADDED ENTRY ELEMENTS (KOHA)
Koha item type Ordinary Loan Books
Holdings
Date last seen Total Checkouts Full call number Barcode Cost, replacement price Price effective from Koha item type Lost status Source of classification or shelving scheme Damaged status Not for loan Collection Withdrawn status Home library Current library Shelving location Date acquired Cost, normal purchase price
01/20/2023 1 RF46 HAL 92004010025 80.00 01/20/2023 BOOKS   LCC     NFIC   Medical Medical GEN 01/20/2023 80.00